<?xml version="1.0" encoding="UTF-8"?>
<collection xmlns="http://www.loc.gov/MARC21/slim">
 <record>
  <leader>00719pamaa2200217   4500</leader>
  <controlfield tag="001">0000050010</controlfield>
  <controlfield tag="005">20150706090000.0</controlfield>
  <controlfield tag="008">150707s2012</controlfield>
  <datafield tag="020" ind1="0" ind2="0">
   <subfield code="a">9781416563716 (pbk.) </subfield>
  </datafield>
  <datafield tag="090" ind1="0" ind2="0">
   <subfield code="a">PR6057.R386 </subfield>
   <subfield code="b">GRE 2012</subfield>
  </datafield>
  <datafield tag="100" ind1="1" ind2="0">
   <subfield code="a">Gregory </subfield>
  </datafield>
  <datafield tag="245" ind1="1" ind2="4">
   <subfield code="a">The lady of the rivers  </subfield>
   <subfield code="c">Philippa Gregory.</subfield>
  </datafield>
  <datafield tag="260" ind1="0" ind2="0">
   <subfield code="a">New York: </subfield>
   <subfield code="b">Simon &amp; Schuster, </subfield>
   <subfield code="c">2012.</subfield>
  </datafield>
  <datafield tag="300" ind1=" " ind2=" ">
   <subfield code="a">443 p.: </subfield>
   <subfield code="b">ill., maps; </subfield>
   <subfield code="c">21 cm.</subfield>
  </datafield>
  <datafield tag="440" ind1="0" ind2="4">
   <subfield code="a">The cousins' war</subfield>
  </datafield>
  <datafield tag="500" ind1="0" ind2="0">
   <subfield code="a">&quot;A Touchstone book&quot;</subfield>
  </datafield>
  <datafield tag="650" ind1="0" ind2="0">
   <subfield code="a">Jacquetta, Duchess of Bedford -- </subfield>
   <subfield code="x">Fiction -- </subfield>
   <subfield code="y">1416?-1472 </subfield>
  </datafield>
  <datafield tag="650" ind1="0" ind2="0">
   <subfield code="a">Great Britain -- History -- Wars of the Roses -- </subfield>
   <subfield code="x">Fiction -- </subfield>
   <subfield code="y">1455-1485 </subfield>
  </datafield>
  <datafield tag="650" ind1="0" ind2="0">
   <subfield code="a">Historical fiction </subfield>
  </datafield>
  <datafield tag="650" ind1="0" ind2="0">
   <subfield code="a">Biographical fiction </subfield>
  </datafield>
  <datafield tag="901" ind1=" " ind2=" ">
   <subfield code="u">www.www.touchstonebooks.com</subfield>
  </datafield>
 </record>
</collection>
